000 00469nam a2200157Ia 4500
003 OSt
005 20200706145643.0
008 190216s9999||||xx |||||||||||||| ||und||
040 _coclc
082 _a954.8
_bKAR/S
100 _aKarashima, Noboru
_93017
245 0 _aSouth Indian History And Society /
_cNoboru Karashima
260 _bOxford University Press,
_c1984.
_aDelhi:
300 _a217p
942 _cBK
_2ddc
_h954.8
_iKAR/S
_k954.8
_mKAR/S
999 _c20120
_d20120